Paris Saint-Germain Top 10 Leaders - Statistics

General Stats
  • This quiz has been taken 442 times
    415 since last reset
  • The average score is 8 of 17
Answer Stats
Goals Apps Player % Correct
256 308 Kylian Mbappé
98%
200 301 Edinson Cavani
96%
156 180 Zlatan Ibrahimović
92%
118 173 Neymar
90%
43 523 Marquinhos
76%
17 315 Thiago Silva
76%
11 416 Marco Verratti
72%
92 295 Ángel Di María
71%
109 211 Pauleta
48%
0 318 Bernard Lama
16%
100 254 Dominique Rocheteau
14%
85 343 Safet Sušić
14%
98 310 Mustapha Dahleb
13%
12 380 Sylvain Armand
12%
17 435 Jean-Marc Pilorget
10%
95 217 François M'Pelé
7%
24 344 Paul Le Guen
5%
No matching quizzes found
Score Distribution
Percent of People with Each Score
Percentile by Number Answered
Your Score History
You have not taken this quiz since the last reset